• 首页
  • 本馆介绍
  • 公告通知
  • 最新文献
  • 馆藏检索
  • 电子资源
  • 读者导购
  • 参考咨询
  • 我的图书馆
  • 登录
  • 详细信息显示
  • 放入我的书架
  • 预约/预借图书
  • 作者相关作品
  • 分类相关作品
  • 丛书相关作品
  • 出版社相关作品

书目信息

  • 表格格式
  • 工作单格式
  • 卡片格式
题名:
常微分方程
    
 
作者: HALE 著 ;侯定丕 译
分册:  
出版信息: 北京   人民教育出版社  1980
页数: 395页
开本: 21cm
丛书名:
单 册:
中图分类: O175.1
科图分类:
主题词: 数学分析
电子资源:
ISBN:
000 00561nam0 2200205 45
001 0405211085
005 20060721082450.21
010    @dCNY1.10
091    @a13012.0446
100    @a20040521d1980 km y0chiy0120 ea
101 0  @achi
200 1  @a常微分方程@AChang Wei Fen Fang Cheng@f(美)JACK K·HALE著@F(mei)JACK K·HALE zhu@g侯定丕译
210    @a北京@c人民教育出版社@d1980
215    @a395页@d21cm
606 0  @a数学分析
690    @aO175.1@v3
701  0 @aHALE@4著
702  0 @a侯定丕@AHou Ding Pi@4译
801    @aCN@bPftUser@c20060721
905    @dO175.1@e12
    
    常微分方程/(美)JACK K·HALE著/侯定丕译.-北京:人民教育出版社,1980
    395页;21cm
    
    
    ISBN :CNY1.10
    
●
相关链接 在E读中查询图书 在五车中查询图书 在当当中查询图书 在豆瓣中查询图书


正题名:常微分方程     索取号:O175.1/12         预约/预借

序号 登录号 条形码 馆藏地/架位号 状态 备注
1 0043961   000423688   第二样本阅览室/ [索取号:O175.1/12] 在馆    
2 0043962   000423679   第三借阅区/ [索取号:O175.1/12] 在馆    
3 0043963   202265128   密集书库/ [索取号:O175.1/12] 在馆    
4 0043964   202338595   密集书库/ [索取号:O175.1/12] 在馆    
5 0043965   001956529   第三借阅区/ [索取号:O175.1/12] 在馆    
6 0043966   202338602   密集书库/ [索取号:O175.1/12] 在馆    
7 0043967   202339950   密集书库/ [索取号:O175.1/12] 在馆    
8 0043968   000423660   第三借阅区/ [索取号:O175.1/12] 在馆    
9 0043969   202285856   密集书库/ [索取号:O175.1/12] 在馆    
10 0043970   202265137   密集书库/ [索取号:O175.1/12] 在馆    
11 0043971   202265645   密集书库/ [索取号:O175.1/12] 在馆    
12 0043972   202285801   密集书库/ [索取号:O175.1/12] 在馆    
13 0430316   204303164   密集书库/ [索取号:O175.1/12] 在馆    
唐山师范学院图书馆 欢迎您!
大连网信软件有限公司© 版权所有